Estadística aplicada a través de excel
| Main Author: | |
|---|---|
| Format: | Section = Libro |
| Language: | Undetermined Spanish |
| Published: |
España
Pearson Prentice Hall
2002
|
| Subjects: |
| LEADER | 00621nam a2200217Ia 4500 | ||
|---|---|---|---|
| 008 | 240830s9999 xx 000 0 und d | ||
| 020 | |a 84-205-3536-2 | ||
| 040 | |a B-ESTELÍ- RUACS / 519.5 P438 | ||
| 041 | |a spa | ||
| 082 | |a 519.5 P438 | ||
| 100 | 1 | |a Pérez López, César | |
| 245 | 1 | 0 | |a Estadística aplicada a través de excel |
| 260 | |a España |b Pearson Prentice Hall |c 2002 | ||
| 300 | |a 596 p. | ||
| 650 | 7 | |a ESTADISTICA | |
| 650 | 7 | |b EXCEL - PROGRAMACION PARA COMPUTADORES ELECTRONICOS | |
| 650 | 7 | |c MUESTREO ESTADISTICO | |
| 650 | 7 | |d CONTROL ESTADISTICO. | |
| 942 | |c BK |2 ddc | ||
| 991 | |a TEXTO | ||
| 999 | |c 10979 | ||